Terapia sistémica individual
I tiakina i:
| Kaituhi matua: | |
|---|---|
| Ētahi atu kaituhi: | |
| Hōputu: | Pukapuka |
| Reo: | Pāniora |
| I whakaputaina: |
Buenos Aires, Argentina.
Amorrortu,
2008
|
| Putanga: | 2a. ed |
| Rangatū: | Biblioteca de Psicología y Psicoanálisis. Psicología Terapia Sistémica
|
| Ngā marau: | |
| Ngā Tūtohu: |
Tāpirihia he Tūtohu
Kāore He Tūtohu, Me noho koe te mea tuatahi ki te tūtohu i tēnei pūkete!
|
MARC
| LEADER | 00000cam a2200000 a 4500 | ||
|---|---|---|---|
| 001 | UCG7009 | ||
| 003 | CL-VaPUC | ||
| 005 | 20230303120310.0 | ||
| 008 | 110609e20080000AG |||||||||||||||||spa|d | ||
| 999 | |c 345113 |d 345111 | ||
| 020 | |a 9789505181384 | ||
| 040 | |c Pontificia Universidad Católica de Valparaíso | ||
| 082 | 0 | 4 | |a 616.8914 BOS |2 21 |
| 100 | 0 | |a Boscolo, Luigi |e author |9 557530 | |
| 245 | 1 | 0 | |a Terapia sistémica individual |
| 250 | |a 2a. ed | ||
| 260 | |a Buenos Aires, Argentina. |b Amorrortu, |c 2008 | ||
| 300 | |a 377 páginas | ||
| 490 | 0 | |a Biblioteca de Psicología y Psicoanálisis. Psicología Terapia Sistémica | |
| 583 | |a last modification |c 20191018 12:02:35 |k Rodrigo Vera | ||
| 650 | 0 | |a Psicoterapia |2 CL-VaPUC |9 307258 | |
| 650 | 0 | |a Psicología clínica |9 307259 | |
| 650 | 0 | |a Psiquiatría |9 308427 | |
| 700 | |a Bertrando, Paolo |e autor |9 496154 | ||
| 942 | |c BK |2 ddc | ||
| 945 | |d 20110609 00:00:00 |a dcastane | ||
| 952 | |0 0 |1 0 |4 0 |6 616_891400000000000_BOS_2008 |7 0 |8 A |9 443574 |a BIBEDU |b BIBEDU |c ES_NOD |d 2019-11-22 |i 478359K |l 11 |o 616.8914 BOS 2008 |p 478359K |r 2024-11-12 |s 2024-10-28 |w 2019-11-22 |y BK |k PSI | ||
| 952 | |0 0 |1 0 |2 ddc |3 erb |4 0 |6 616_891400000000000_BOS_2008 |7 0 |8 R |9 443575 |a BIBGIM |b BIBGIM |i 5564417 |l 2 |m 3 |o 616.8914 BOS 2008 |p 5564417 |r 2025-01-15 |s 2023-10-17 |w 2019-11-22 |y BK_R |z Catalogado en:20191018 |k SSL | ||
| 952 | |0 0 |1 0 |2 ddc |3 erb |4 0 |6 616_891400000000000_BOS_2008 |7 0 |8 R |9 443576 |a BIBGIM |b BIBGIM |i 5564409 |l 4 |m 1 |o 616.8914 BOS 2008 |p 5564409 |r 2025-01-15 |s 2023-12-01 |w 2019-11-22 |y BK_R |z Catalogado en:20191018 |k SSL | ||
| 952 | |0 0 |1 0 |2 ddc |3 erb |4 0 |6 616_891400000000000_BOS_2008 |7 0 |8 R |9 443577 |a BIBGIM |b BIBGIM |i 5564395 |l 3 |m 2 |o 616.8914 BOS 2008 |p 5564395 |r 2025-01-15 |s 2024-10-21 |w 2019-11-22 |y BK_R |z Catalogado en:20191018 |k SSL | ||
| 952 | |0 0 |1 0 |2 ddc |3 erb |4 0 |6 616_891400000000000_BOS_2008 |7 0 |8 R |9 443578 |a BIBGIM |b BIBGIM |i 5564387 |l 3 |o 616.8914 BOS 2008 |p 5564387 |r 2025-01-15 |s 2024-10-14 |w 2019-11-22 |y BK_R |z Catalogado en:20191018 |k SSL | ||
| 952 | |0 0 |1 0 |2 ddc |3 erb |4 0 |6 616_891400000000000_BOS_2008 |7 0 |8 R |9 443579 |a BIBGIM |b BIBGIM |i 5564379 |l 2 |o 616.8914 BOS 2008 |p 5564379 |r 2025-01-15 |s 2024-11-21 |w 2019-11-22 |y BK_R |z Catalogado en:20191018 |k SSL | ||